| 000 | 00839nmm a2200325 a 4500 | ||
|---|---|---|---|
| 003 | AR-BaBNM | ||
| 005 | 20251128205208.0 | ||
| 008 | 286119s1996 ||||||||||||||000 | spa|| | ||
| 020 | _a950-843-173-3 | ||
| 040 | _cAR-BaBNM | ||
| 100 | 1 | _aSarando, Gabriel | |
| 245 | 1 | 0 | _aDioses, magos y marionetas |
| 260 |
_aBuenos Aires _bVinciguerra _c1996 |
||
| 300 | 0 |
_a173 p. _bil. |
|
| 500 | 0 | _aContiene referencias bibliográficas en p. 169 | |
| 650 | 4 | _aTEATRO | |
| 650 | 4 | _aFILOSOFIA LITERARIA | |
| 650 | 4 | _aCRITICA LITERARIA | |
| 650 | 4 | _aLITERATURA JAPONESA | |
| 650 | 4 | _aCULTURAS ASIATICAS | |
| 650 | 4 | _aESTUDIOS CULTURALES | |
| 650 | 4 | _aARTES ESCENICAS | |
| 650 | 4 | _aMARIONETAS | |
| 651 | 4 | _aJapón | |
| 653 | 0 | _aESTUDIOS LITERARIOS | |
| 653 | 0 | _aMASCARA | |
| 655 | _aLITERATURA | ||
| 942 | _cBK | ||
| 998 | _cMARTIN | ||
| 999 |
_c10402 _d10402 |
||